Sounds Like Roman Numerals To Me... Quiz Stats

 Plays Quiz Updated Feb 19, 2016

Score 0/14 Timer 03:00
1 Play Today
Clue Roman numeral(s) % Correct
Flight formation for victorious birds?V
97.1%
2-word expression used when obeying a ship's captainII
92.3%
I have one, I see. Without one I still see.I
88.2%
Plant which can 'crawl' up trees or wallsIV
84.4%
A former spouse; or that person's 'hasty signature' on the divorce papers?X
80.3%
Even the blind can do this, if they understand.C
72%
Host who introduces speakers or perfomers on a broadcastMC
71.9%
Clue Roman numeral(s) % Correct
Dorothy's aunt in 'The Wizard of Oz'M
70.5%
Like a run-down motel OR a sesame-laden hamburger bun?CD
51.2%
An extension, usually perpendicular to one end of a buildingL
49%
To be quite proficient with certain Microsoft software?XL
46.3%
French for 'sky'CL
34%
Metal loop used to fasten gear on a riding harness (named for its shape)D
31.9%
A 3-word (or 3-diphthong) expression, possibly of Spanish origin, used to show frustrated bemusement or disbeliefIII
29.5%

You're not logged in!

Compare scores with friends on all Sporcle quizzes.
OR
Log In

Show Comments

Extras

Top Quizzes Today


Score Distribution

Your Account Isn't Verified!

In order to create a playlist on Sporcle, you need to verify the email address you used during registration. Go to your Sporcle Settings to finish the process.

Report this User

Report this user for behavior that violates our Community Guidelines.

Details: